Statistics for The World War I Quiz

Click here to take the quiz!

General Stats

  • This quiz has been taken 19 times
  • The average score is 14 of 18

Answer Stats

HintAnswer% Correct
Sarajevo CrisisFerdinand,Heir of the Austria-Hungary was assassinated atSarajevo
100%
Terms of Treaty of VersaillesGermany lost Alsace Lorraine to which countryFrance
95%
Division of EuropeCountries of Triple EntenteF{rance}
95%
Division of EuropeCountries of Triple EntenteR{ussia}
95%
Sarajevo CrisisTurkey and Bulgaria were supporting Triple _____Alliance
89%
Division of EuropeCountries of Triple AllianceG{ermany}
89%
Terms of Treaty of VersaillesAccording to the treaty which country was declared guilty of aggressionGermany
89%
Division of EuropeCountries of Triple AllianceI{taly}
89%
Division of EuropeCountries of Triple AllianceA{ustria-Hungary}
84%
Division of Europe(joined later)Countries of Triple EntenteJ{apan}
84%
Division of EuropeCountries of Triple EntenteB{ritain}
79%
Treaty of Brest-Litovsk was signed between Germany and which countryRussia
79%
On 6 April,1917,which country declared war against GermanyUnited States
79%
Terms of Treaty of VersaillesWhich international organisation formed as a result of the war?League of Nations
68%
Country that had broken Triple Alliance by declaring war against GermanyItaly
58%
Terms of Treaty of VersaillesGerman colonies in the Pacific and areas of China were given toJapan
58%
Sarajevo CrisisThe above assassination was organised by which secret groupBlack Hand
42%
Which Independent nations were not allowed to join the aboveGermany and Soviet Union
11%

Score Distribution

Percentile by Number Answered

Percent of People with Each Score

Your Score History

You have not taken this quiz